Zobrazení ekonomiky v systémech materiálních bilancí a národních účtů.

Vývoj štatistiky a postupný prechod od systému bilancií tvorby a využitia materiálneho produktu (MPS) k systému národných účtov (SNA) v ČSFR v roku 1991. Zobrazenie ekonomického systému a schéma základných tokov v ekonomike. Zobrazenie ekonomiky v MPS a SNA. Schéma národných účtov podľa štruktúry se...

Full description

Saved in:
Bibliographic Details
Main Author: Schůt, P.
Format: Book Chapter
Language:Czech
Subjects:
Tags: Add Tag
No Tags, Be the first to tag this record!

MARC

LEADER 00000naa a2200000 4500
001 r003314
005 20221125081410.4
041 0 |a cze 
044 |a [CS] 
245 1 0 |a Zobrazení ekonomiky v systémech materiálních bilancí a národních účtů.  |c P. Schůt 
520 |a Vývoj štatistiky a postupný prechod od systému bilancií tvorby a využitia materiálneho produktu (MPS) k systému národných účtov (SNA) v ČSFR v roku 1991. Zobrazenie ekonomického systému a schéma základných tokov v ekonomike. Zobrazenie ekonomiky v MPS a SNA. Schéma národných účtov podľa štruktúry sektorov. 
610 2 0 |a štatistika 
610 2 0 |a bilancia materiálová 
610 2 0 |a účty národné 
610 2 0 |a ČSFR 
610 2 0 |a 1991 
610 2 0 |a systémy ekonomické 
100 1 |a Schůt, P.